Que signifient ces abréviations militaires ? (1) - Statistiques

Statistiques générales
  • Ce quiz a été pris 46 fois
  • Le résultat moyen est 7 sur 50
Statistiques - réponses
Hint Réponse % Correct
LTN Lieutenant
72%
ALAT Aviation Légère de l'Armée de Terre
50%
CNE Capitaine
47%
EM État-Major
47%
CEMA Chef d'État-Major des armées
44%
ADC Adjudant-chef
42%
VAB Véhicule de l'avant blindé
39%
OPEX OPérations EXtérieures ;
28%
DB Division blindée | Demi-brigade
25%
GAV Gendarme adjoint volontaire
25%
OSC Officier Sous Contrat
25%
REI Régiment Étranger d'Infanterie
22%
C1 / CDC Chef de corps
19%
BCH / BRC Brigadier-chef
17%
DI Division d'instruction | Division d'infanterie
17%
OS Ordre Serré
17%
PO Parcours d'Obstacles | Permanence opérationnelle
17%
RG Régiment du Génie | Région de Gendarmerie
17%
TDM Troupes de Marine
17%
BCA Bataillon de Chasseurs Alpins
14%
CEMM Chef d'état-major de la Marine
14%
ESM École spéciale militaire
14%
OP Officier de Permanence
14%
IGGN inspection générale de la gendarmerie nationale
11%
DAA Défense anti aérienne
6%
EBR Engin Blindé de Reconnaissance
6%
GQG Grand Quartier Général
6%
HIA Hôpital d'Instruction des Armées
6%
RC Régiment de Cuirassiers
6%
RD Régiment de Dragons
6%
ZDA zone de défense aérienne
6%
CGD Compagnie de gendarmerie départementale
3%
DP Division parachutiste
3%
FFA Forces Françaises en Allemagne
3%
IHEDN Institut des hautes études de Défense nationale
3%
LGI Lance Grenades Individuel
3%
SYRACUSE Système de radiocommunication utilisant un Satellite
3%
CAIDD Centre d'aguerrissement et d'instruction au désert de Djibouti
0%
CEC Centre d'entrainement commando
0%
CMD Circonscription militaire de Défense
0%
COPER Commandant de l'opération
0%
COTAM Commandement du transport aérien militaire
0%
CRR-E Corps de réaction rapide européen
0%
DC Division de cavalerie
0%
GMP Gouverneur militaire de Paris
0%
IGA Ingénieur général de l'armement
0%
MAPOM Marins-pompiers de Marseille
0%
MPLF Mort Pour La France
0%
RAL Régiment d'Artillerie Lourde
0%
SR Section de recherches
0%
Aucun quiz correspondant
Distribution des résultats
% des personnes avec chaque résultat
Percentile par nombre de réponses
Votre historique - résultats
Vous n’avez pas pris ce quiz